Técnicas de debate en la escuela: cómo enseñarlas
Uloženo v:
| Hlavní autor: | |
|---|---|
| Médium: | Kniha |
| Jazyk: | španělština |
| Vydáno: |
Buenos Aires
Troquel
2007
|
| Vydání: | 1a. ed |
| Témata: | |
| Tagy: |
Přidat tag
Žádné tagy, Buďte první, kdo vytvoří štítek k tomuto záznamu!
|
MARC
| LEADER | 00000nam a2200000 a 4500 | ||
|---|---|---|---|
| 001 | UCI8834 | ||
| 003 | CL-VaPUC | ||
| 008 | 081009e20070000AG |||||||||||||||||spa|d | ||
| 020 | |a 9789501631142 | ||
| 082 | 0 | 4 | |a 371.3028 |b BAL |2 21 |
| 100 | 0 | |a Balsa, Federico |e author |9 532462 | |
| 245 | 1 | 0 | |a Técnicas de debate en la escuela: cómo enseñarlas |
| 250 | |a 1a. ed | ||
| 300 | |a 127 p | ||
| 942 | |c BK | ||
| 945 | |d 20081009 00:00:00 |a rbrito | ||
| 260 | |a Buenos Aires |b Troquel |c 2007 | ||
| 650 | 7 | |a TECNICAS DE DEBATE |2 CL-VaPUC |9 532463 | |
| 650 | 7 | |a DISCUSION |2 CL-VaPUC |9 311631 | |
| 650 | 0 | |a Discurso |9 351973 | |
| 650 | 0 | |a Oratoria |9 307605 | |
| 650 | 0 | |a Métodos de enseñanza |9 270413 | |
| 650 | 0 | |a Enseñanza |9 256457 | |
| 583 | |a last modification |c 20081009 00:00:00 |k Rodrigo Vera | ||
| 999 | |c 331600 |d 331598 | ||
| 952 | |0 0 |1 0 |4 0 |6 371_302800000000000_BAL_2007 |7 0 |8 A |9 418373 |a BIBEDU |b BIBEDU |d 2019-11-22 |i 4487028 |l 1 |o 371.3028 BAL 2007 |p 4487028 |r 2022-05-03 |s 2022-04-19 |w 2019-11-22 |y BK |k EPE | ||